[Event "Challenge"]
[Site "http://www.queenalice.com/game.php?id=648513"]
[Date "2009.9.6"]
[Round "-"]
[White "caspernyvangrask"]
[Black "Nyvang"]
[Result "0-1"]
[WhiteElo "1118"]
[BlackElo "1841"]

1. g3 d5 2. Bg2 Nf6 3. e3 e5 4. Ne2 e4 5. b3 Be7 6. O-O O-O 7. c4 Be6 8. Nf4
dxc4 9. Nxe6 fxe6 10. bxc4 Qd3 11. Nc3 Qxc4 12. f3 exf3 13. Bxf3 c6 14. Rb1 b5
15. Be2 Qc5 16. a4 b4 17. Na2 a5 18. d4 Qa7 19. Qb3 Nd5 20. Rxf8+ Kxf8 21. Bc4
Nd7 22. Bxd5 exd5 23. Qc2 Nf6 24. Qxc6 Rd8 25. Bb2 Kg8 26. Qe6+ Kh8 27. Rc1 Qd7
28. Qe5 Ng4 29. Qf4 Bd6 30. Qf3 Bb8 31. Rf1 Nf6 32. Nc1 h5 33. Nd3 Rf8 34. Ne5
Bxe5 35. dxe5 Nh7 36. Qxh5 Rxf1+ 37. Kxf1 Kg8 38. Qg6 Nf8 39. h4 Nxg6 40. h5
Qf5+ 0-1

[Event "Challenge"]
[Site "http://www.queenalice.com/game.php?id=661818"]
[Date "2009.10.3"]
[Round "-"]
[White "caspernyvangrask"]
[Black "Nyvang"]
[Result "0-1"]
[WhiteElo "1118"]
[BlackElo "1873"]

1. g3 d5 2. Bg2 e5 3. e3 Nc6 4. d3 Bc5 5. Ne2 h6 6. O-O Nf6 7. c3 Bd7 8. c4 d4
9. exd4 exd4 10. Nf4 Rb8 11. Qe1+ Qe7 12. Bxc6 Bxc6 13. Qxe7+ Bxe7 14. Ne2 Bc5
15. a3 a5 16. Bd2 Ra8 17. b4 axb4 18. Re1 O-O 19. Nc1 bxa3 20. Nb3 a2 21. Nxc5
axb1=Q 22. Raxb1 Ra2 23. Bf4 Ng4 24. Bxc7 Rxf2 25. Ne4 Rxh2 26. Bb6 f5 27. Nd2
Rxd2 28. Bxd4 Rg2+ 29. Kf1 f4 30. Re2 f3 31. Rxg2 fxg2+ 32. Kg1 h5 33. Bc5 Re8
34. d4 Ne3 35. d5 Bd7 36. Rxb7 Bh3 37. Bxe3 Rxe3 38. Rb8+ Kh7 39. Rb1 Rf3 40. d6
Rf1+ 41. Kh2 Rxb1 42. Kxh3 g1=Q 0-1

[Event "Challenge"]
[Site "http://www.queenalice.com/game.php?id=811974"]
[Date "2010.8.2"]
[Round "-"]
[White "Nyvang"]
[Black "caspernyvangrask"]
[Result "0-1"]
[WhiteElo "1814"]
[BlackElo "1118"]

1. d4 g6 2. Nc3 Bg7 3. e4 e6 4. Nf3 d6 5. Bc4 b6 6. O-O Ne7 7. h3 O-O 8. b4 d5
9. exd5 exd5 10. Bb3 Nbc6 11. b5 Na5 12. Bg5 Nxb3 13. axb3 Qd7 14. Ne5 Qe6 15.
Bxe7 Qxe7 16. Nc6 Qg5 17. Nxa7 Bxh3 18. Qf3 Bf5 19. Qxd5 Qd2 20. Nc6 Rxa1 21.
Ne7+ Kh8 22. Rxa1 Qxc3 23. Ra7 Qe1+ 24. Kh2 Qxe7 0-1

[Event "Challenge"]
[Site "http://www.queenalice.com/game.php?id=813346"]
[Date "2010.8.4"]
[Round "-"]
[White "caspernyvangrask"]
[Black "Nyvang"]
[Result "1-0"]
[WhiteElo "1118"]
[BlackElo "1774"]

1. d4 g6 2. e4 Bg7 3. e5 e6 4. Nf3 a6 5. Bd3 d6 6. O-O dxe5 7. Nxe5 Qxd4 8. Nf3
Qd8 9. c3 Nf6 10. Qc2 Nc6 11. h3 O-O 12. b4 b5 13. a4 Bd7 14. axb5 axb5 15. Rxa8
Qxa8 16. Bxb5 Na7 17. Bxd7 Nxd7 18. Qd3 Rd8 19. Qe2 Nf6 20. Bg5 Rd5 21. c4 Rd7
22. c5 Ne4 23. Nbd2 Nxd2 24. Nxd2 Nb5 25. Ne4 Nd4 26. Qe3 Nf5 27. Qe1 Nd4 28.
Bf6 Nc2 29. Qe2 Nd4 30. Qg4 Qa3 31. c6 Rd5 32. Rd1 Qxb4 33. Bxg7 Kxg7 34. Ra1
Nxc6 35. Qf3 Rf5 36. Qe3 Nd4 37. Qd2 Qc4 38. Qb2 e5 39. Ng3 Rf6 40. Rc1 Qb5 41.
Qxb5 Nxb5 42. Ne4 c6 43. Nxf6 1-0

[Event "Challenge"]
[Site "http://www.queenalice.com/game.php?id=826066"]
[Date "2010.8.31"]
[Round "-"]
[White "Nyvang"]
[Black "caspernyvangrask"]
[Result "1-0"]
[WhiteElo "1769"]
[BlackElo "1118"]

1. d4 d5 2. Nc3 Nf6 3. h3 e6 4. Bg5 Be7 5. Nf3 O-O 6. Bxf6 Bxf6 7. e4 dxe4 8.
Nxe4 c6 9. Qd2 b5 10. Bd3 a5 11. O-O b4 12. Bc4 h6 13. Nxf6+ Qxf6 14. c3 Ba6 15.
Bxa6 Nxa6 16. Ne5 c5 17. Nd7 Qg5 18. Qxg5 hxg5 19. Nxf8 Rxf8 20. dxc5 Nxc5 21.
cxb4 axb4 22. b3 Ne4 23. a4 Nc5 24. Rab1 Ne4 25. Rfe1 Nc3 26. Rb2 Kh7 27. Re5
Kg6 28. Rd2 Nd5 29. Rd4 Re8 30. Re1 1-0

[Event "Challenge"]
[Site "http://www.queenalice.com/game.php?id=832453"]
[Date "2010.9.13"]
[Round "-"]
[White "caspernyvangrask"]
[Black "Nyvang"]
[Result "0-1"]
[WhiteElo "1118"]
[BlackElo "1768"]

1. e4 g6 2. d4 Bg7 3. e5 e6 4. Nf3 Bh6 5. Nbd2 Ne7 6. Nb3 Bxc1 7. Qxc1 d6 8. Be2
O-O 9. O-O b6 10. Nh4 Ba6 11. Bxa6 Nxa6 12. Qe3 Nb4 13. Qd2 a5 14. a3 Na6 15. g3
dxe5 16. dxe5 a4 17. Qxd8 Raxd8 18. Nc1 Rd2 19. b3 Rxc2 20. bxa4 Nc5 21. Nf3
Nxa4 22. Nd4 c5 23. Nxc2 f5 24. Ne2 Nd5 25. Nf4 Nxf4 26. gxf4 Nc3 27. Kg2 Ne2
28. Kf3 Nc3 29. Ne3 b5 30. Rac1 b4 31. axb4 cxb4 32. Nd1 Ne4 33. Rc2 Rd8 34. Kg2
h5 35. f3 Nd2 36. Ne3 Nxf1 37. Kxf1 h4 38. h3 Rd3 39. Kf2 Kg7 40. Nc4 b3 41. Na3
bxc2 0-1

[Event "Challenge"]
[Site "http://www.queenalice.com/game.php?id=857948"]
[Date "2010.11.12"]
[Round "-"]
[White "caspernyvangrask"]
[Black "Nyvang"]
[Result "1-0"]
[WhiteElo "1118"]
[BlackElo "1797"]

1. e4 g6 2. d4 Bg7 3. e5 e6 4. Nf3 Ne7 5. b3 b6 6. Be2 Bb7 7. O-O d6 8. Bb2 O-O
9. Na3 Nf5 10. h3 Nc6 11. c4 dxe5 12. dxe5 Nxe5 13. Bxe5 c5 14. Bxg7 Kxg7 15.
Ne5 Qg5 16. Bf3 Bxf3 17. Nxf3 Qf6 18. Nb5 Rfd8 19. Qc1 a6 20. Nc3 Rd3 21. Ne4
Qd8 22. Qb2+ Nd4 23. Ne5 Rxh3 24. gxh3 Qh4 25. Nc6 Qxe4 26. Nxd4 cxd4 27. Rfe1
Qf4 28. Rad1 e5 29. Qc2 Rd8 30. Qe4 Qg5+ 31. Kh2 Re8 32. Rg1 Qf4+ 33. Qxf4 exf4
34. Rxd4 Re2 35. Rxf4 Rxa2 36. h4 h5 37. Rd1 Rb2 38. Rd3 1-0

[Event "Challenge"]
[Site "http://www.queenalice.com/game.php?id=866426"]
[Date "2010.12.2"]
[Round "-"]
[White "caspernyvangrask"]
[Black "Nyvang"]
[Result "0-1"]
[WhiteElo "1118"]
[BlackElo "1769"]

1. e4 e5 2. Nf3 d6 3. c4 Be7 4. Be2 Nf6 5. Nc3 h6 6. O-O c6 7. b4 O-O 8. d3 d5
9. exd5 cxd5 10. c5 b6 11. a3 bxc5 12. bxc5 Bxc5 13. Nxe5 Bb7 14. Bf3 Qb6 15.
Na4 Qc7 16. Nxc5 Qxc5 17. d4 Qb6 18. Rb1 Qc7 19. Nd3 Nc6 20. Nc5 Na5 21. Nxb7
Nxb7 22. g3 Rad8 23. Bf4 Qd7 24. Rc1 Nd6 25. Bxd6 Qxd6 26. Rc5 Ne4 27. Bxe4 dxe4
28. Re1 Qxd4 29. Qxd4 Rxd4 30. Ra5 Ra8 31. Kg2 g6 32. h3 f5 33. h4 Rd7 34. Ra6
Kh7 35. Re3 g5 36. hxg5 hxg5 37. f3 exf3+ 38. Rxf3 Rf7 39. g4 f4 40. Rh3+ Kg8
41. Rg6+ Rg7 42. Rhh6 Rb8 43. Rxg7+ Kxg7 44. Ra6 Rb7 45. Kf3 Rb3+ 46. Ke4 f3 47.
Rxa7+ Kg6 48. Rb7 Rxa3 49. Rb1 f2 0-1

[Event "Challenge"]
[Site "http://www.queenalice.com/game.php?id=878564"]
[Date "2010.12.29"]
[Round "-"]
[White "FranzMeM"]
[Black "caspernyvangrask"]
[Result "1/2-1/2"]
[WhiteElo "1495"]
[BlackElo "1116"]

1. e4 c5 2. Bc4 Nc6 3. Qf3 Ne5 4. Qc3 Nxc4 5. Qxc4 e5 6. Nf3 d6 7. h3 a6 8. a4
Nf6 9. d3 g6 10. Ng5 Qd7 11. Nxf7 Qxf7 12. Qxf7+ Kxf7 13. c4 Bg7 14. f3 Rf8 15.
O-O Kg8 16. Bg5 Bd7 17. Bxf6 Bxf6 18. b3 b5 19. axb5 axb5 20. Rxa8 Rxa8 21. Nd2
bxc4 22. Nxc4 Bb5 23. Nxd6 Bxd3 24. Rc1 Be7 25. Nb7 Ba6 26. Nxc5 Bxc5+ 27. Rxc5
Re8 28. b4 Bd3 29. b5 h5 30. b6 Ba6 31. Rc7 Rd8 32. b7 Rb8 33. Rc8+ Rxc8 34.
bxc8=Q+ Bxc8 35. h4 Kf7 36. g3 Kf6 37. Kf2 g5 38. hxg5+ Kxg5 39. Ke3 Bd7 40. f4+
exf4+ 41. gxf4+ Kg4 42. e5 Bf5 43. Kd4 Kxf4 44. Kd5 h4 45. e6 Bxe6+ 46. Kxe6 h3
47. Kd5 h2 48. Kc5 h1=Q 49. Kb4 Qc1 50. Ka4 Ke4 51. Ka5 Qc4 52. Kb6 Kd5 53. Ka7
Kd6 54. Kb6 Qc5+ 55. Ka6 Kc6 1/2-1/2

[Event "Challenge"]
[Site "http://www.queenalice.com/game.php?id=882276"]
[Date "2011.1.6"]
[Round "-"]
[White "caspernyvangrask"]
[Black "Nyvang"]
[Result "0-1"]
[WhiteElo "1175"]
[BlackElo "1818"]

1. e4 g6 2. d4 Bg7 3. e5 e6 4. Nf3 b6 5. Be2 Bb7 6. O-O Nc6 7. c3 Nge7 8. b4 a6
9. Na3 O-O 10. Bg5 d6 11. exd6 Qxd6 12. Nc4 Qd8 13. Nce5 f6 14. Nxc6 Bxc6 15.
Bc1 Nd5 16. Qe1 Qd6 17. Bc4 e5 18. dxe5 fxe5 19. h3 b5 20. Bb3 Kh8 21. Bb2 Nb6
22. Ng5 Bd5 23. Bxd5 Qxd5 24. Qe2 Nc4 25. Rad1 Qc6 26. Bc1 Rae8 27. Ne4 Nd6 28.
f3 Nf5 29. Kh2 Bh6 30. Bxh6 Nxh6 31. Qb2 Nf5 32. Qf2 Nd6 33. Nxd6 cxd6 34. Rd2
e4 35. Qd4+ Kg8 36. Qxd6 Qxd6+ 37. Rxd6 exf3 38. gxf3 Re2+ 39. Kg3 Rxa2 40. Rd4
Rc2 41. Rd3 Re8 42. Rg1 Rc8 43. Ra1 R2xc3 44. Rxc3 Rxc3 45. Rxa6 Rb3 46. Ra8+
Kg7 47. Ra7+ Kh6 48. Ra5 Rxb4 49. f4 Rb1 50. Kf3 b4 51. Rb5 b3 52. f5 gxf5 0-1

[Event "Challenge"]
[Site "http://www.queenalice.com/game.php?id=883490"]
[Date "2011.1.9"]
[Round "-"]
[White "TIKAR"]
[Black "caspernyvangrask"]
[Result "0-1"]
[WhiteElo "1295"]
[BlackElo "1130"]

1. e4 c5 2. Bc4 Nc6 3. Qf3 Ne5 4. Qf4 Nxc4 5. d3 Na5 6. Bd2 d6 7. b4 e5 8. Qe3
Nc6 9. b5 Nd4 10. Na3 Bd7 11. Nf3 Nxb5 12. Nc4 Bg4 13. Rb1 a6 14. Ba5 Qf6 15.
Nb6 Bxf3 16. Nxa8 Bxg2 17. Rg1 Nd4 18. Rxg2 Nxc2+ 19. Kd1 Nxe3+ 20. fxe3 Qf1+
21. Be1 Qxg2 22. Nc7+ Kd7 23. Rxb7 Qf3+ 24. Kd2 Qg2+ 25. Kc3 Kc8 26. Ra7 Nf6 27.
Nxa6 Qg1 28. Rc7+ Kd8 29. Rxf7 Qxe1+ 30. Kc4 Qc1+ 31. Kb5 Qb1+ 32. Kc6 Qxa2 33.
Ra7 Qa4+ 34. Kb6 Nd7+ 35. Kb7 Qb5+ 36. Ka8 Qc6+ 37. Rb7 Qxa6+ 0-1

[Event "Challenge"]
[Site "http://www.queenalice.com/game.php?id=888083"]
[Date "2011.1.19"]
[Round "-"]
[White "caspernyvangrask"]
[Black "TIKAR"]
[Result "1-0"]
[WhiteElo "1153"]
[BlackElo "1309"]

1. e4 e6 2. d4 Qe7 3. e5 d5 4. b3 Nc6 5. Ba3 Qd7 6. Bxf8 Kxf8 7. Nf3 f6 8. Bb5
a6 9. Bxc6 Qxc6 10. O-O f5 11. Nbd2 h6 12. c4 g5 13. cxd5 exd5 14. Rc1 Qb5 15.
Rc5 Qd7 16. Qc1 c6 17. Qa3 b6 18. Rxc6+ Qe7 19. Qxe7+ Nxe7 20. Rf6+ Kg7 21. Rxb6
g4 22. Nh4 f4 23. f3 g3 24. hxg3 fxg3 25. f4 Bg4 26. Rc1 Be2 27. Rc7 Kf8 28.
Ng6+ Nxg6 29. Rxg6 Ke8 30. Rxg3 Kd8 31. Rgg7 h5 32. Rcd7+ Ke8 33. Rxd5 Rd8 34.
Rxd8+ Kxd8 35. Kf2 Bg4 36. Ne4 Rh6 37. Nd6 h4 38. Nf7+ 1-0

[Event "Challenge"]
[Site "http://www.queenalice.com/game.php?id=1021419"]
[Date "2012.1.30"]
[Round "-"]
[White "caspernyvangrask"]
[Black "Nyvang"]
[Result "1/2-1/2"]
[WhiteElo "1173"]
[BlackElo "1789"]

1. e4 g6 2. d4 b6 3. d5 d6 4. c4 Bg7 5. Nc3 Bb7 6. Nge2 Nf6 7. g3 O-O 8. Bg2 c6
9. O-O Qd7 10. a4 a5 11. b3 e6 12. Bb2 e5 13. dxc6 Bxc6 14. Nd5 Bxd5 15. exd5
Na6 16. Ba3 Rfe8 17. Nc3 Ng4 18. Ne4 Nc5 19. Bxc5 bxc5 20. Qe2 Nf6 21. Rab1 Nxe4
22. Qxe4 f5 23. Bh3 Qf7 24. Qe3 Kh8 25. Qd2 e4 26. Rfe1 Bd4 27. Qf4 Qf6 28. Re2
e3 29. fxe3 Re4 30. Qf3 Rae8 31. Rbe1 Bc3 32. Rd1 Qg5 33. Rd3 Bg7 34. Bg2 R4e5
35. Qf4 Qh5 36. Bf3 Qh6 37. Qxh6 Bxh6 38. Kf2 g5 39. Bh5 R8e7 40. h3 f4 41. gxf4
gxf4 42. exf4 Bxf4 43. Rxe5 Bxe5 44. Rf3 Bd4+ 45. Kf1 Rg7 46. Bg4 Rg5 47. Kg2 h5
48. Rf5 Rxf5 49. Bxf5 Kg7 50. Kf3 Kf6 51. Be6 Kg5 52. Ke4 Be5 53. Bd7 1/2-1/2

[Event "Challenge"]
[Site "http://www.queenalice.com/game.php?id=1029774"]
[Date "2012.2.15"]
[Round "-"]
[White "Nyvang"]
[Black "caspernyvangrask"]
[Result "1-0"]
[WhiteElo "1818"]
[BlackElo "1187"]

1. d4 g6 2. e4 Bg7 3. Nf3 e6 4. Nc3 b6 5. Be2 Bb7 6. O-O d6 7. e5 Ne7 8. Bg5 O-O
9. h3 a6 10. a4 dxe5 11. dxe5 Qxd1 12. Raxd1 Nbc6 13. Rd7 Rfe8 14. Rxc7 Rab8 15.
b4 b5 16. axb5 axb5 17. Bxb5 Bxe5 18. Nxe5 1-0

[Event "Challenge"]
[Site "http://www.queenalice.com/game.php?id=1044050"]
[Date "2012.3.30"]
[Round "-"]
[White "caspernyvangrask"]
[Black "Nyvang"]
[Result "1-0"]
[WhiteElo "1185"]
[BlackElo "1820"]

1. e4 g6 2. d4 b6 3. d5 d6 4. c4 Bg7 5. Nf3 e6 6. Nc3 Bxc3+ 7. bxc3 Nd7 8. g3
Nc5 9. Bd3 exd5 10. cxd5 Bg4 11. O-O Nf6 12. Qe2 O-O 13. Ba3 Nxd3 14. Qxd3 Re8
15. Nd2 Re5 16. c4 Bh3 17. Rfe1 Rg5 18. Bc1 Qd7 19. Qf3 Ng4 20. Nb3 Re5 21. Nd4
Rae8 22. Nc6 Rh5 23. Nxa7 f5 24. Bb2 fxe4 25. Rxe4 Ne5 26. Bxe5 Rhxe5 27. Rxe5
Rxe5 28. Nc6 Re8 29. a4 Bg4 30. Qc3 Qf5 31. Re1 Be2 32. Nd4 Qf6 33. Qd2 Rf8 34.
Rxe2 Ra8 35. Qd1 Ra5 36. Nb5 1-0

[Event "Challenge"]
[Site "http://www.queenalice.com/game.php?id=1044127"]
[Date "2012.3.30"]
[Round "-"]
[White "Gonzales"]
[Black "caspernyvangrask"]
[Result "1-0"]
[WhiteElo "1321"]
[BlackElo "1213"]

1. e4 g6 2. Nf3 Bg7 3. d4 e6 4. Bf4 d6 5. Nc3 Ne7 6. Bc4 b6 7. O-O O-O 8. d5 e5
9. Bg3 Ba6 10. Qe2 Bxc4 11. Qxc4 a6 12. Bh4 Qd7 13. Rad1 b5 14. Qd3 b4 15. Ne2
Re8 16. Bxe7 Qxe7 17. c3 bxc3 18. Qxc3 Qd8 19. Rc1 Re7 20. Rc2 Bh6 21. b4 Qc8
22. a4 Ra7 23. Rb1 Nd7 24. Nd2 Bxd2 25. Qxd2 Nf6 26. Qg5 Qd8 27. Qxf6 Re8 28.
Qxd8 Rxd8 29. Rc6 Rd7 30. Nc3 h5 31. b5 axb5 32. Nxb5 Rxa4 33. Rxc7 Rxc7 34.
Nxc7 Rxe4 35. f3 Rc4 36. Rb8+ Kg7 37. Ne8+ Kh6 38. Nxd6 Rc7 39. Rc8 Rd7 40. Rc6
Kg5 41. g3 h4 42. Kf2 f5 43. Ke3 f4+ 44. gxf4+ exf4+ 45. Ke4 Re7+ 46. Kd4 h3 47.
Nc4 Rd7 48. d6 Kf5 49. Nb6 Ke6 50. Nxd7 Kxd7 51. Kd5 g5 52. Rc7+ Kd8 53. Kc6 Ke8
54. d7+ Kd8 55. Rc8+ Ke7 56. d8=Q+ Kf7 57. Qd6 Kg7 58. Rc7+ Kg8 59. Qd8# 1-0

[Event "Challenge"]
[Site "http://www.queenalice.com/game.php?id=1046315"]
[Date "2012.4.6"]
[Round "-"]
[White "Nyvang"]
[Black "caspernyvangrask"]
[Result "1-0"]
[WhiteElo "1792"]
[BlackElo "1215"]

1. d4 g6 2. Nf3 e6 3. e4 d6 4. h3 Bg7 5. Bc4 c6 6. Nc3 Ne7 7. O-O O-O 8. d5 exd5
9. exd5 cxd5 10. Nxd5 Nxd5 11. Bxd5 Nc6 12. Bg5 Bf6 13. Qd2 Ne5 14. Bxf6 Qxf6
15. Nxe5 Qxe5 16. c3 Rb8 17. Rae1 Qf6 18. Re3 b6 19. Rfe1 Bd7 20. Re7 Rbd8 21.
R7e3 Bb5 22. Rf3 Qg7 23. b3 a5 24. c4 Ba6 25. a4 h5 26. Re7 Qa1+ 27. Kh2 Qg7 28.
Bxf7+ Rxf7 29. Rfxf7 Qxf7 30. Rxf7 Kxf7 31. Qd5+ Kg7 32. Qc6 Rf8 33. Qxb6 Bc8
34. f3 Kh6 35. Qxa5 Be6 36. Qd2+ Kh7 37. Qxd6 Bf7 38. Qxf8 Bg8 39. a5 Bxc4 40.
bxc4 1-0

[Event "Challenge"]
[Site "http://www.queenalice.com/game.php?id=1051899"]
[Date "2012.4.23"]
[Round "-"]
[White "caspernyvangrask"]
[Black "Nyvang"]
[Result "0-1"]
[WhiteElo "1201"]
[BlackElo "1779"]

1. e4 g6 2. d4 Bg7 3. e5 e6 4. c4 d6 5. exd6 cxd6 6. Nf3 Nf6 7. Nc3 O-O 8. b3 d5
9. Bb2 Nc6 10. Be2 a6 11. O-O Nh5 12. cxd5 exd5 13. Na4 Nf4 14. g3 Nxe2+ 15.
Qxe2 Re8 16. Qd2 Bg4 17. Qd3 Bxf3 18. Qxf3 Nxd4 19. Bxd4 Bxd4 20. Rad1 Re4 21.
Nc3 Bxc3 22. Qxc3 Rc8 23. Qd3 Rc5 24. a3 Re5 25. b4 Rc4 26. Kg2 b5 27. Rfe1 Rf5
28. Rc1 Qf6 29. Qd2 d4 30. h4 Rh5 31. Re2 Rc3 32. Qe1 Qc6+ 33. Kh3 Rxc1 34. Re8+
Kg7 35. Qe2 Qh1+ 36. Kg4 Rc4 37. Qd3 Qc6 38. Re4 Qd7+ 39. Kf3 Rc3 40. Ke2 Rxd3
41. Kxd3 Rd5 42. Rf4 g5 43. hxg5 Rxg5 44. Re4 Qf5 45. Kxd4 Qxf2+ 46. Re3 Rxg3
47. Kc5 Qxe3+ 0-1

[Event "Challenge"]
[Site "http://www.queenalice.com/game.php?id=1061236"]
[Date "2012.5.18"]
[Round "-"]
[White "caspernyvangrask"]
[Black "Nyvang"]
[Result "0-1"]
[WhiteElo "1199"]
[BlackElo "1771"]

1. e4 g6 2. d4 Bg7 3. e5 e6 4. c4 d6 5. exd6 cxd6 6. b4 Ne7 7. Bb2 O-O 8. Nf3 e5
9. dxe5 dxe5 10. Qxd8 Rxd8 11. Be2 Nbc6 12. b5 Nb4 13. Na3 e4 14. Bxg7 exf3 15.
Bxf3 Nd3+ 16. Kf1 Kxg7 17. Be2 Nf4 18. h3 b6 19. Bf3 Rb8 20. Bg4 Bb7 21. Bf3
Bxf3 22. gxf3 Nf5 23. Nc2 Rd2 24. Ne3 Nd4 0-1